Biggest cities in Ukraine - Statistics

General Stats
  • This quiz has been taken 46 times
  • The average score is 7 of 10
Answer Stats
No. Population Answer % Correct
1. 2 962 000 Kiev
100%
2. 1 434 000 Kharkiv
93%
7. 721 510 Lviv
91%
3. 1 016 000 Odessa
91%
4. 980 948 Dnipro
84%
5. 905 364 Donetsk
84%
10. 431 859 Mariupol
74%
6. 722 713 Zaporizhia
47%
8. 612 750 Kryvyi Rih
28%
9. 476 101 Mykolaiv
26%
No matching quizzes found
Score Distribution
Percent of People with Each Score
Percentile by Number Answered
Your Score History
You have not taken this quiz